[Event "Wch U20"]
[Site "Yerevan"]
[Date "1999.09.18"]
[Round "1"]
[White "Bucinskas, Valdas"]
[Black "Mchedlishvili, Mikheil"]
[Result "0-1"]
[WhiteElo "2248"]
[BlackElo "2441"]

1.e4 c5 2.Nf3 Nc6 3.Bb5 g6 4.O-O Bg7 5.c3 Nf6 6.Re1 O-O 7.d4 d5 8.e5 Ne4
9.Bxc6 bxc6 10.Nbd2 Nxd2 11.Nxd2 c4 12.Qa4 Bd7 13.Qa3 Be6 14.b3 Qc7 15.bxc4 dxc4
16.Ne4 Bd5 17.Nc5 Qc8 18.Bf4 g5 19.Bg3 h5 20.h3 h4 21.Bh2 g4 22.Qc1 Qf5 23.Qf4 Qxf4
24.Bxf4 gxh3 25.gxh3 Kh7 26.f3 Bxf3 27.Bg5 Rg8 28.Kf2 Bd5 29.Bxe7 Rab8 30.Rab1 Rxb1
31.Rxb1 Bh6 32.Rg1 Be3+ 33.Kxe3 Rxg1 34.Bxh4 Rh1 35.Bd8 Rxh3+ 36.Kd2 Rh2+  0-1

[Event "Wch U20"]
[Site "Yerevan"]
[Date "1999.09.20"]
[Round "3"]
[White "Zhang Pengxiang"]
[Black "Smetankin, Stanislav"]
[Result "1-0"]
[WhiteElo "2462"]
[BlackElo "2385"]

1.e4 c5 2.Nf3 Nc6 3.Bb5 Nf6 4.Bxc6 dxc6 5.Qe2 g6 6.O-O Bg4 7.d3 Bg7 8.Nbd2 O-O
9.h3 Bxf3 10.Nxf3 Ne8 11.Be3 b6 12.c3 e5 13.Rfd1 Qe7 14.Qc2 Nc7 15.Qa4 Qe6
16.a3 Nb5 17.Qc2 Nd6 18.a4 h6 19.Re1 Rfd8 20.a5 Rab8 21.axb6 axb6 22.Ra6 Rb7
23.b4 cxb4 24.cxb4 c5 25.bxc5 bxc5 26.Qxc5 Rbd7 27.Rea1 Qb3 28.R6a3 Qe6 29.Ra8 Kh7
30.Qc6 Qe7 31.Bc5 Rxa8 32.Rxa8 Qe6 33.Bb4 Bf6 34.Ra6 Be7 35.Nxe5  1-0

[Event "Najdorf mem op"]
[Site "Buenos Aires"]
[Date "1999.09.23"]
[Round "3"]
[White "Gomez Baillo, Jorge H"]
[Black "Nedilsky, Diego"]
[Result "1/2-1/2"]
[WhiteElo "2454"]
[BlackElo "2321"]

1.e4 c5 2.Nf3 Nc6 3.Bb5 e6 4.Bxc6 bxc6 5.d3 Ne7 6.Ng5 Ng6 7.f4 Be7 8.Nf3 d6
9.O-O f5 10.Qe2 fxe4 11.dxe4 Qb6 12.c4 O-O 13.g3 d5 14.Na3 e5 15.f5 dxe4
16.fxg6 exf3 17.gxh7+ Kh8 18.Rxf3 Rxf3 19.Qxf3 Be6 20.b3 Rf8 21.Qe2 Qa5 22.Bb2 Rd8
23.Nc2 Qd2 24.Re1 Qxe2 25.Rxe2 Bg4 26.Re4 Bf3 27.Rxe5 Bf6 28.Re3 Bxb2 29.Rxf3 Kxh7
30.Kf1 Rd2 31.Rf2 Rd7 32.Re2 a5 33.Ne1 Bf6 34.Nf3 Rd3 35.Ne5 Rc3 36.Ke1 Rc1+
37.Kd2 Ra1 38.Nxc6 Rxa2+ 39.Kd3 Ra3 40.Ke4 Rxb3 41.Nxa5 Rb6 42.Kd5 Bd4 43.Nc6 Bg1
44.Ne5 Rb3 45.Re1 Bf2 46.Rf1 Bd4 47.Rf3 Rb2 48.h3 Kh6 49.Nd7 Rf2 50.Rxf2 Bxf2
51.g4 Kg5 52.Nxc5 Kh4 53.Ne4 Be3 54.c5 Kxh3 55.c6 Bb6 56.g5 Kg4 57.Ke5 Bc7+
58.Ke6 Kf4 59.Kd7 Bb8 60.Kc8 Be5 61.Nd2 Kg4 62.Kd7 Bb8 63.Ne4 Kf4 64.g6  1/2-1/2

[Event "Najdorf mem op"]
[Site "Buenos Aires"]
[Date "1999.09.26"]
[Round "5"]
[White "Zarnicki, Pablo"]
[Black "Felgaer, Ruben"]
[Result "1/2-1/2"]
[WhiteElo "2497"]
[BlackElo "2364"]

1.e4 c5 2.Nf3 Nc6 3.Bb5 a6 4.Bxc6 dxc6 5.O-O Bg4 6.h3 Bh5 7.d3 Qc7 8.g4 Bg6
9.Nh4 O-O-O 10.Nd2 e6 11.a4 Bd6 12.Nxg6 hxg6 13.Qf3 g5 14.Nc4 f6 15.Bd2 b6
16.Ra3 Ne7 17.Rb3 Bh2+ 18.Kh1 b5 19.axb5 cxb5 20.Ba5 Qf4 21.Qg2 bxc4 22.dxc4 Rd4
23.e5 Qe4 24.Qxe4  1/2-1/2

[Event "Manhattan CC-ch"]
[Site "New York"]
[Date "1999.09.26"]
[Round "4"]
[White "Robovic, Saudin"]
[Black "Stripunsky, Alexander"]
[Result "1/2-1/2"]
[WhiteElo "2339"]
[BlackElo "2492"]

1.e4 c5 2.Nf3 Nc6 3.Bb5 d6 4.d4 cxd4 5.Qxd4 Bd7 6.Bxc6 Bxc6 7.Nc3 Nf6 8.Bg5 e6
9.O-O-O Qa5 10.Rhe1 Be7 11.Nd5 Bxd5 12.exd5 Qxa2 13.Rd3 O-O 14.dxe6 fxe6  1/2-1/2

[Event "Najdorf mem op"]
[Site "Buenos Aires"]
[Date "1999.09.28"]
[Round "7"]
[White "Zarnicki, Pablo"]
[Black "Alonso, Salvador"]
[Result "1-0"]
[WhiteElo "2497"]
[BlackElo "2355"]

1.e4 c5 2.Nf3 Nc6 3.Bb5 e6 4.O-O Nge7 5.c3 d5 6.exd5 Qxd5 7.Re1 Bd7 8.Na3 Ng6
9.Bc4 Qd6 10.d4 cxd4 11.Nb5 Qb8 12.cxd4 Na5 13.Bf1 Be7 14.Ne5 Bc8 15.Nxg6 hxg6
16.g3 g5 17.d5 Bd7 18.Bd2 b6 19.dxe6 fxe6 20.Bc3 Bc5 21.Be5 Qb7 22.Nd6+ Bxd6
23.Qxd6 Qc6 24.Qd3 O-O 25.Bg2 Qb5 26.Qg6  1-0

[Event "World Cities-ch 2nd"]
[Site "Shenyang"]
[Date "1999.10.04"]
[Round "1"]
[White "Zhang Pengxiang"]
[Black "Kang Chuanqi"]
[Result "1-0"]
[WhiteElo "2462"]
[BlackElo "2311"]

1.e4 c5 2.Nf3 Nc6 3.Bb5 e6 4.Bxc6 bxc6 5.O-O d5 6.d3 Ne7 7.c4 Ng6 8.Nc3 d4
9.Ne2 Bd6 10.Ne1 Qc7 11.f4 f5 12.e5 Be7 13.Ng3 Rb8 14.Nh5 O-O 15.h3 Bd7 16.g4 Qc8
17.Ng2 Be8 18.Ng3 Bh4 19.Kh2 Rb7 20.g5 Bxg3+ 21.Kxg3 Nh8 22.b3 Qd8 23.Bd2 a5
24.Qe2 Bd7 25.Rfb1 Qc7 26.Nh4 Rfb8 27.Qe1 Ra7 28.a3 Ng6 29.Nf3 Nf8 30.b4 axb4
31.axb4 cxb4 32.Rxa7 Qxa7 33.Bxb4 Qa2 34.Ra1 Qb3 35.Bd6 Rc8 36.Ra3 Qb7 37.Bc5 Ra8
38.Qa1 Rb8 39.Ra7 Qc8 40.Bd6 c5 41.Bxb8 Qxb8 42.Qa5 Bc6 43.Qc7 Nd7 44.Qxb8+ Nxb8
45.Rc7 Bxf3 46.Kxf3 Na6 47.Re7 Nb4 48.Ke2  1-0

[Event "Tatry op"]
[Site "Tatranska Lomnica"]
[Date "1999.10.04"]
[Round "3"]
[White "Kotan, Ladislav"]
[Black "Kundrik, Peter"]
[Result "1/2-1/2"]
[WhiteElo "2317"]
[BlackElo "2138"]

1.e4 c5 2.Nf3 Nc6 3.Bb5 g6 4.O-O Bg7 5.Re1 e5 6.Bxc6 dxc6 7.d3 Ne7 8.Be3 b6
9.a4 a5 10.Nbd2 O-O 11.Nc4 f6 12.Nfd2 Qc7 13.Rf1 g5 14.c3 Be6 15.b4 axb4
16.cxb4 b5 17.axb5 cxb5 18.Na5 cxb4 19.Ndb3 Bxb3 20.Qxb3+ Kh8 21.Rfc1 Qd7
22.Qxb4 Rfc8 23.Rxc8+ Rxc8 24.Rd1 Ng6 25.Nb3 Nh4 26.h3 g4 27.Nc5 Qf7 28.hxg4 Qg6
29.f3 Bh6 30.Qd2 Bxe3+ 31.Qxe3 h5 32.Qf2 Nxf3+ 33.Qxf3 Rxc5 34.gxh5 Qg5 35.Kh2 b4
36.Kh3 Kh7 37.Ra1 b3 38.Ra7+ Kh6 39.g4 Rb5 40.Rf7 Rb6 41.Qf2 Rd6 42.Kh2 b2
43.Rb7 Qxg4 44.Qd2+ Qg5 45.Rxb2 Kxh5 46.Qf2 Rd7 47.Qf3+ Kh6 48.Qh3+ Qh5 49.Rd2  1/2-1/2

[Event "EU-ch U20 Girls"]
[Site "Patras"]
[Date "1999.10.05"]
[Round "1"]
[White "Potikha, Liza"]
[Black "Jurkiewicz, Katarzyna"]
[Result "1/2-1/2"]
[WhiteElo "2061"]
[BlackElo "2225"]

1.e4 c5 2.Nf3 Nc6 3.Bb5 g6 4.O-O Bg7 5.c3 e5 6.d3 Nge7 7.Be3 b6 8.d4 cxd4
9.cxd4 exd4 10.Nxd4 O-O 11.Nc3 a6 12.Ba4 Ne5 13.Qe2 b5 14.Bb3 N7c6 15.Rfd1 Na5
16.Nd5 Nac4 17.Bf4 Bb7 18.a4 Bxd5 19.exd5 Qb6 20.axb5 axb5 21.Rxa8 Rxa8 22.Bxe5 Bxe5
23.Nxb5 Qxb5 24.Bxc4 Qxb2 25.Qxb2 Bxb2  1/2-1/2

[Event "World Cities-ch 2nd"]
[Site "Shenyang"]
[Date "1999.10.05"]
[Round "3"]
[White "Zhang Pengxiang"]
[Black "Pigusov, Evgeny"]
[Result "1/2-1/2"]
[WhiteElo "2462"]
[BlackElo "2609"]

1.e4 c5 2.Nf3 Nc6 3.Bb5 g6 4.O-O Bg7 5.c3 e5 6.d4 cxd4 7.cxd4 exd4 8.Nbd2 Nge7
9.Nb3 O-O 10.Nfxd4 Nxd4 11.Nxd4 d5 12.Ne2 dxe4 13.Bg5 Qxd1 14.Raxd1 Nc6 15.Nc3 f5
16.Nd5 Nd4 17.Nc7 Nxb5 18.Nxa8 Be6 19.Rd8 Rxd8 20.Bxd8 Bxa2 21.Ra1 Bd5 22.Nc7 Nxc7
23.Bxc7 Bxb2 24.Rxa7 Kf7 25.Bb6 Bc6 26.g3 Bf6  1/2-1/2

[Event "SLO-ch"]
[Site "Kranj"]
[Date "1999.10.06"]
[Round "5"]
[White "Pavasovic, Dusko"]
[Black "Sebenik, Matej"]
[Result "1/2-1/2"]
[WhiteElo "2510"]
[BlackElo "2194"]

1.e4 c5 2.Nf3 Nc6 3.Bb5 e6 4.O-O Nge7 5.c3 d5 6.exd5 Qxd5 7.Na3 Ng6 8.Re1 Bd7
9.d4 cxd4 10.Bc4 Qh5 11.Nb5 Rc8 12.Be2 dxc3 13.Ng5 cxb2 14.Bxh5 bxa1=Q 15.Nxf7 Bb4
16.Nxh8 Ne7 17.Bd2 Qxd1 18.Rxd1 Bc5 19.Nc3 Bc6 20.Re1 Rd8 21.Bg5 Rd6 22.Ne4 Bxe4
23.Rxe4 Kf8 24.Nxg6+ Nxg6 25.h4 Bd4 26.g3 e5 27.Kg2 Rb6 28.f4 Rb2+ 29.Kh3 Rxa2
30.fxe5 Bc5 31.e6 Be7 32.Be3 Ra3 33.Bf2 Bd6 34.Kg2 Ke7 35.Re2 b6 36.Bf3 Ne5
37.Be4 g6 38.Bd5 Ng4 39.Rd2 h5 40.Rc2 Nxf2 41.Rxf2 Rxg3+ 42.Kf1 Rc3 43.Rf7+ Ke8
44.Rxa7 Be7 45.Rb7 Bxh4 46.Be4 Be7 47.Bxg6+ Kf8 48.Bxh5 Rc5 49.Be2 Rf5+  1/2-1/2

[Event "Tatry op"]
[Site "Tatranska Lomnica"]
[Date "1999.10.06"]
[Round "5"]
[White "Dobrovolsky, Ladislav"]
[Black "Hlinka, Vasil"]
[Result "1-0"]
[WhiteElo "2396"]
[BlackElo "2193"]

1.e4 c5 2.Nf3 Nc6 3.Bb5 e6 4.c3 Nge7 5.O-O a6 6.Ba4 b5 7.Bc2 Bb7 8.d4 cxd4
9.Nxd4 Ng6 10.Nd2 Be7 11.N2f3 O-O 12.Nxc6 Bxc6 13.Nd4 Bb7 14.f4 e5 15.fxe5 Nxe5
16.Bf4 Ng6 17.Bg3 Bh4 18.Bxh4 Qxh4 19.Nf5 Qg5 20.Qd4 Nh4 21.Rf2 Bc6 22.Nd6 Kh8
23.g3 f5 24.Nxf5 Nxf5 25.exf5 Rae8 26.Raf1 Re3 27.Qf4 Qxf4 28.Rxf4 Re2 29.R4f2 Rfe8
30.Bd3 R2e3 31.Bc2 Re1 32.a3 R8e2 33.Bd1 Re3 34.Rxe1 Rxe1+ 35.Rf1 Re5 36.Bf3 Kg8
37.g4 Kf7 38.Kf2 Kf6 39.Rd1 Bxf3 40.Kxf3 d5 41.Rd4 Kg5 42.a4 h5 43.axb5 axb5
44.h3 hxg4+ 45.hxg4  1-0

[Event "Asia-chT"]
[Site "Shenyang"]
[Date "1999.10.10"]
[Round "1"]
[White "Dzhumaev, Murat"]
[Black "Li Qun"]
[Result "1/2-1/2"]
[WhiteElo "2457"]
[BlackElo "2312"]

1.e4 c5 2.Nf3 Nc6 3.Bb5 e6 4.c3 Nge7 5.O-O a6 6.Ba4 d5 7.exd5 Qxd5 8.d4 b5
9.Bb3 Qd6 10.dxc5 Qxc5 11.Nbd2 Qd6 12.Qe2 Ng6 13.Ne4 Qc7 14.a4 b4 15.Bd2 bxc3
16.Bxc3 Be7 17.Bxg7 Rg8 18.Bh6 Nf4 19.Bxf4 Qxf4 20.Ng3 Bb7 21.Rad1 h5 22.Qe3 Qxe3
23.fxe3 h4 24.Ne4 h3 25.g3 Na5 26.Bc2 Nc4 27.Kf2 Rc8 28.Rc1 Nxb2 29.Ned2 Nc4
30.Nxc4 Rxc4 31.Nd2 Rb4 32.Rb1 a5 33.Rfc1 Kd7 34.Be4 Bxe4 35.Nxe4 Rxe4 36.Rb7+ Ke8
37.Rc8+ Bd8 38.Rxd8+ Kxd8 39.Rb8+ Ke7 40.Rxg8 Rxa4 41.g4 Ra2+ 42.Kg3 Re2
43.Kxh3 Rxe3+ 44.Kh4 a4 45.Ra8 Re4 46.Ra7+ Kf6 47.Kg3 Rb4 48.h4 Rb3+ 49.Kf4 e5+
50.Ke4 Rb4+ 51.Kf3 Kg6 52.Ra5 f6 53.Ra6 Kf7 54.Ra7+ Ke6 55.h5 Kd5 56.h6 Rb3+
57.Kg2 Rb8 58.Ra5+ Ke6 59.Rxa4 Kf7 60.g5 fxg5 61.Kf3 Kg6 62.Kg4 Rb6  1/2-1/2

[Event "EU-ch U20 Girls"]
[Site "Patras"]
[Date "1999.10.12"]
[Round "7"]
[White "Iwaniuk, Dorota"]
[Black "Jurkiewicz, Katarzyna"]
[Result "1/2-1/2"]
[WhiteElo "2189"]
[BlackElo "2225"]

1.e4 c5 2.Nf3 Nc6 3.Bb5 g6 4.O-O Bg7 5.c3 Nf6 6.Re1 O-O 7.d4 cxd4 8.cxd4 d5
9.e5 Ne4 10.Nc3 Nxc3 11.bxc3 Qc7 12.Qa4 Na5 13.Ba3 a6 14.Bf1 Bd7 15.Qb4 Rfc8
16.e6 Bxe6 17.Ng5 Nc6 18.Nxe6 fxe6 19.Qb3 Na5 20.Qb4 Qxc3 21.Qxc3 Rxc3 22.Bb4 Rc2
23.Bd3 Nc6 24.Bxc2 Nxb4 25.Bb3 Kf7 26.Re3 Bxd4 27.Rf3+ Bf6 28.Re1 a5 29.a3 Nc6
30.g4 Kg7 31.Rxe6 Nd4 32.Rfxf6 exf6 33.Re7+ Kh6 34.Bxd5 Rd8 35.Bxb7 Nc2 36.a4 Rd4
37.Re4 Kg5 38.f3 f5 39.h4+ Kxh4 40.gxf5+ Kg3 41.Rg4+ Rxg4 42.fxg4 Nd4 43.Bc8 Kf4
44.f6 Nf3+ 45.Kf2 Ng5 46.Ke2 Ke4 47.Kd2 Kd4 48.Kc2 Ke5 49.Kb3 Kd6 50.Kc4 Kc7
51.Ba6 Kb6 52.Bb5 Ne4 53.g5 Nxg5 54.Be8 Kc7 55.f7 Ne6 56.Kd5 Nf8 57.Ke5 h5
58.Kf6 Kd6 59.Bb5 g5 60.Kxg5 Ke7 61.Bc4 Nd7 62.Kg6 h4 63.Kg7 h3 64.Bf1 h2
65.Bg2 Nf8 66.Bd5 Nd7 67.Bc6 Nf8 68.Bd5 Nd7  1/2-1/2

[Event "Asia-chT"]
[Site "Shenyang"]
[Date "1999.10.12"]
[Round "4"]
[White "Zhang Pengxiang"]
[Black "Sanchez, Joseph"]
[Result "1-0"]
[WhiteElo "2462"]
[BlackElo "2131"]

1.e4 c5 2.Nf3 Nc6 3.Bb5 d6 4.O-O Bd7 5.Re1 a6 6.Bf1 g6 7.c3 Bg7 8.h3 e5 9.a3 Nge7
10.b4 O-O 11.d3 cxb4 12.axb4 d5 13.Nbd2 h6 14.Nb3 b6 15.Bd2 Be6 16.c4 dxc4
17.dxc4 Qc7 18.Qc1 Kh7 19.Bc3 b5 20.cxb5 axb5 21.Nc5 Bc4 22.Bxc4 bxc4 23.Rxa8 Rxa8
24.Bd2 Nc8 25.Qxc4 Nd6 26.Qd3 Rd8 27.Qa6 Rb8 28.Rc1 Rb6 29.Qf1 Qa7 30.Qd3 Nd4
31.Nxd4 exd4 32.f4 Qa2 33.Kh2 Nb5 34.e5 Qd5 35.Qe4 Qa2 36.Qd3 Qd5 37.Ne4 Rc6
38.Nc5 Nc7 39.Ra1 Ne6 40.Nxe6  1-0

[Event "Asia-chT"]
[Site "Shenyang"]
[Date "1999.10.12"]
[Round "4"]
[White "Bitoon, Richard"]
[Black "Zhang Zhong"]
[Result "0-1"]
[WhiteElo "2393"]
[BlackElo "2541"]

1.e4 c5 2.Nf3 Nc6 3.Bb5 g6 4.O-O Bg7 5.Re1 e5 6.c3 Nge7 7.a3 O-O 8.b4 b6
9.d3 a6 10.Ba4 b5 11.Bb3 cxb4 12.axb4 d5 13.Nbd2 d4 14.cxd4 Nxd4 15.Bb2 Ndc6
16.Bc3 Qxd3 17.Qc1 Qd6 18.Rd1 Be6 19.Qb2 Rfd8 20.Bxe6 fxe6 21.Nf1 Nd4 22.Ne1 Nec6
23.Nd3 Qe7 24.Ne3 h5 25.h3 Qh4 26.Qa2 Kh7 27.Nc5 Qe7 28.Nd3 Ra7 29.Kh1 Qh4
30.Nf1 Qxe4 31.Nc5 Qd5 32.Qb1 Rf8 33.Ng3 Rxf2 34.Nce4 Rc2 35.Ra3 Rc7 36.Rxa6 Rc8
37.Ng5+ Kg8 38.N3e4 Qc4 39.Bd2 Nf5 40.Qa1 Nce7 41.Ra8 h4 42.Bc3 Nd4 43.Qa7 Rxa8
44.Qxa8+ Qc8 45.Qa7 Ndf5 46.Qb6 Nd5 47.Rxd5 exd5 48.Qxg6 Ng3+ 49.Nxg3 Rc1+
50.Kh2 hxg3+ 51.Kxg3 Rxc3+ 52.Kh2 Qd7  0-1

[Event "Asia-chT"]
[Site "Shenyang"]
[Date "1999.10.14"]
[Round "6"]
[White "Dzhumaev, Murat"]
[Black "Liang Jinrong"]
[Result "1/2-1/2"]
[WhiteElo "2457"]
[BlackElo "2507"]

1.e4 c5 2.Nf3 Nc6 3.Bb5 d6 4.d4 cxd4 5.Qxd4 Bd7 6.Bxc6 Bxc6 7.c4 Nf6 8.Nc3 e6
9.O-O Be7 10.b3 O-O 11.Bb2 a6 12.Qe3 b5 13.Nd4 Qd7 14.cxb5 axb5 15.Rfe1 b4
16.Nxc6 Qxc6 17.Na4 d5 18.Rac1 Qb7 19.Bxf6 Bxf6 20.exd5 exd5 21.Qf3 Rac8
22.g3 h6 23.Red1 Rxc1 24.Rxc1 Rd8 25.Qf5 Qa6 26.Rc2 Re8 27.Kg2 Rd8 28.Nc5 Qc8
29.Qxc8 Rxc8 30.Rc1 Bb2 31.Rb1 Bc3 32.Na4 d4 33.Rd1 Re8 34.Kf3 Re5 35.Nb6 Re6
36.Na4 Re5 37.Nb6 h5 38.Nc4 Re8 39.a4 bxa3 40.Nxa3 Rb8 41.Nc2 Rxb3 42.Rd3 Rb2
43.Nxd4 Bxd4  1/2-1/2

[Event "Wichern op 5th"]
[Site "Hamburg"]
[Date "1999.10.15"]
[Round "1"]
[White "Bauer, Christian"]
[Black "Coser, Oliver"]
[Result "1-0"]
[WhiteElo "2490"]
[BlackElo "2061"]

1.e4 c5 2.Nf3 Nc6 3.Bb5 g6 4.Bxc6 bxc6 5.O-O Nf6 6.e5 Nd5 7.c4 Nc7 8.d4 cxd4
9.Qxd4 Bg7 10.Qh4 Ne6 11.Bh6 O-O 12.Nc3 f6 13.Bxg7 Kxg7 14.Rad1 h6 15.Rfe1 g5
16.exf6+ exf6 17.Qg3 Qb6 18.Nh4 Rf7 19.Nf5+ Kg6 20.Nd6 Re7 21.Qd3+  1-0

[Event "EU-ch U20 Girls"]
[Site "Patras"]
[Date "1999.10.16"]
[Round "11"]
[White "Sperdokli, Elli"]
[Black "Jurkiewicz, Katarzyna"]
[Result "1-0"]
[WhiteElo "2124"]
[BlackElo "2225"]

1.e4 c5 2.Nf3 Nc6 3.Bb5 g6 4.c3 Bg7 5.d4 Qa5 6.Bxc6 dxc6 7.O-O Bg4 8.Qb3 Qb6
9.dxc5 Qxc5 10.Qxb7 Rd8 11.Be3 Qd6 12.e5 Qd5 13.Nbd2 Nh6 14.c4 Qd7 15.Qxa7 Qxa7
16.Bxa7 Bxe5 17.Nxe5 Rxd2 18.Be3  1-0

[Event "BL9900 (Women)"]
[Site "Germany"]
[Date "1999.10.17"]
[Round "2.5"]
[White "Wagner Michel, Annett"]
[Black "Cleven, Maria"]
[Result "1-0"]
[WhiteElo "2121"]
[BlackElo "2051"]

1.e4 c5 2.Nf3 Nc6 3.Bb5 g6 4.O-O Bg7 5.Re1 Nf6 6.Nc3 O-O 7.e5 Ne8 8.Bxc6 bxc6
9.d3 Nc7 10.Be3 Ne6 11.Qd2 d6 12.Bf4 Nxf4 13.Qxf4 Be6 14.Ne4 Qb6 15.exd6 exd6
16.Nf6+ Bxf6 17.Qxf6 Qd8 18.Qf4 Kg7 19.Ng5 h6 20.Ne4 d5 21.Qe5+ f6 22.Qxe6 dxe4
23.Rxe4 Qd5 24.Rae1 Rab8 25.b3 Rf7 26.Qh3 Rb4 27.Re8 f5 28.Qe3 g5 29.Qe5+ Kg6
30.Qe6+ Kg7 31.Qe5+ Kg6 32.Re6+ Kh7 33.Qd6 Qxd6 34.Rxd6 Rb6 35.Ree6 Ra6 36.Rxh6+ Kg8
37.a4 Re7 38.Kf1 Rb6 39.Rxc6 Rb8 40.Rcg6+ Rg7 41.Rxg7+ Kxg7 42.Rc6  1-0

[Event "Aars get2net Cup IM"]
[Site "Aars"]
[Date "1999.10.20"]
[Round "5"]
[White "Kristensen, Jorgen Juul"]
[Black "Nilssen, John Arni"]
[Result "0-1"]
[WhiteElo "2310"]
[BlackElo "2326"]

1.e4 c5 2.Nf3 Nc6 3.Bb5 g6 4.O-O Bg7 5.c3 Nf6 6.Re1 O-O 7.d4 d5 8.e5 Ne4
9.Nbd2 Nxd2 10.Bxd2 cxd4 11.cxd4 Qa5 12.Bxc6 bxc6 13.b3 Bg4 14.Bg5 Rae8 15.Rc1 f6
16.exf6 Bxf6 17.Bxf6 Rxf6 18.Rc3 Qb4 19.Rce3 Rf4 20.Qc2 Bxf3 21.Qxc6 Ref8
22.gxf3 Qxd4 23.Rxe7 Rxf3 24.Qe6+ R8f7 25.Re8+ Kg7 26.Qe5+ Qxe5 27.R8xe5 Rxf2
28.R1e2 Rf1+ 29.Kg2 Rd1 30.Re7 d4 31.Rxf7+ Kxf7 32.Kf3 Kf6 33.Ke4 g5 34.h3 d3
35.Rf2+ Ke6 36.Ke3 Rh1 37.Rf3 d2 38.Kxd2 Rh2+ 39.Ke3 Rxa2 40.Rg3 Kf6 41.Rf3+ Kg6
42.Ke4 Kh5 43.Ke5 Ra5+ 44.Ke4 Kh4 45.Kd4 h5 46.b4 Ra1 47.b5 Rd1+ 48.Kc5 Rd7
49.Kc6 Rg7 50.Kd6 g4 51.hxg4 hxg4 52.Rf1 g3 53.Ke5 g2 54.Rg1 Kg3  0-1

[Event "Qingdao Daily Cup"]
[Site "Qingdao"]
[Date "1999.10.20"]
[Round "5"]
[White "Peng Xiaomin"]
[Black "Isaev, Jamshed"]
[Result "1-0"]
[WhiteElo "2574"]
[BlackElo "2411"]

1.e4 c5 2.Nf3 Nc6 3.Bb5 g6 4.O-O Bg7 5.Nc3 e6 6.Bxc6 bxc6 7.d3 Rb8 8.Qe2 e5
9.Nd2 Ne7 10.Nc4 d6 11.f4 Be6 12.fxe5 Bxc4 13.exd6 Qxd6 14.dxc4 Be5 15.h3 O-O
16.Be3 Rxb2 17.Na4 Rb4 18.Rad1 Bd4 19.c3 Nd5 20.cxd5 Bxe3+ 21.Qxe3 Rxa4 22.e5 Qc7
23.d6 Qd7 24.e6 fxe6 25.Rxf8+ Kxf8 26.Qe5 Kg8 27.Rb1 Qc8 28.Qf6  1-0

[Event "VAM Hoogeveen op"]
[Site "Hoogeveen"]
[Date "1999.10.23"]
[Round "9"]
[White "Van den Doel, Erik"]
[Black "Tiviakov, Sergei"]
[Result "0-1"]
[WhiteElo "2528"]
[BlackElo "2611"]

1.e4 c5 2.Nf3 Nc6 3.Bb5 d6 4.Bxc6+ bxc6 5.O-O Bg4 6.c3 Nf6 7.d3 Nd7 8.Be3 Qb8
9.Nbd2 Qxb2 10.d4 cxd4 11.cxd4 g6 12.Qa4 Qb5 13.Qa3 Nb6 14.Rfc1 Bg7 15.Rab1 Qa4
16.Qxa4 Nxa4 17.Rxc6 Kd7 18.Ra6 Nb6 19.a4 Rhb8 20.d5 f5 21.a5 Nc8 22.Rc1 fxe4
23.Ng5 h6 24.Ngxe4 Be2 25.Rac6 Rb5 26.Nc3 Bxc3 27.R6xc3 Rxa5 28.Bxh6 Rxd5
29.Be3 a5 30.f3 a4 31.Kf2 Bb5 32.Nb1 Rd3 33.R3c2 a3 34.Nc3 Bc4 35.Ne4 Bd5
36.Rc7+ Kd8 37.R7c2 a2 38.Ra1 Raa3 39.Bc1 Ra4 40.Nc3 Rc4 41.Bd2 Rc6 42.Ke1 Be6
43.Rcc1 Ra6 44.Ne2 Bf7 45.Kd1 Nb6 46.Kc2 Rda3 47.Bb4 R3a4 48.Bc3 Nc4 49.Bd4 Na5  0-1

[Event "Wch U10"]
[Site "Oropesa del Mar"]
[Date "1999.10.24"]
[Round "1"]
[White "Bonnet, Edouard"]
[Black "Banusz, T."]
[Result "1-0"]
[WhiteElo "2147"]
[BlackElo "2129"]

1.e4 c5 2.Nf3 Nc6 3.Bb5 Nf6 4.e5 Nd5 5.O-O e6 6.Nc3 Nxc3 7.bxc3 Be7 8.d4 cxd4
9.cxd4 O-O 10.Bd3 Qc7 11.c3 b6 12.Bb1 Bb7 13.Qd3 g6 14.Bh6 Rfd8 15.Ng5 Bf8
16.Qh3 Be7 17.f4 Rdc8 18.f5 exf5 19.Rxf5 Bxg5 20.Bxg5 Na5 21.Bf6 Qxc3 22.Qxh7+ Kxh7
23.Rh5+ Kg8 24.Rh8+  1-0

[Event "Wch U18"]
[Site "Oropesa del Mar"]
[Date "1999.10.27"]
[Round "4"]
[White "Felgaer, Ruben"]
[Black "Uribe, Mauricio"]
[Result "0-1"]
[WhiteElo "2364"]
[BlackElo "2208"]

1.e4 c5 2.Nf3 Nc6 3.Bb5 e6 4.Bxc6 bxc6 5.b3 Ne7 6.O-O Ng6 7.Ba3 e5 8.c3 d6
9.d4 cxd4 10.cxd4 Bg4 11.dxe5 Nxe5 12.Nbd2 Be7 13.h3 Bh5 14.Qe2 O-O 15.g4 Nxf3+
16.Qxf3 Bg6 17.Rad1 d5 18.Bxe7 Qxe7 19.exd5 cxd5 20.Rfe1 Qc5 21.Nf1 d4 22.Ng3 Rad8
23.Qf4 d3 24.Re5 Qc2 25.Qd2 f6 26.Re3 Rfe8 27.Rxe8+ Rxe8 28.Nf5 Bxf5 29.gxf5 Re2
30.Qxd3 Re1+ 31.Kg2 Qxd1 32.Qc4+  0-1

[Event "Wch U16"]
[Site "Oropesa del Mar"]
[Date "1999.10.27"]
[Round "4"]
[White "Alcazar Jimenez, Jesus"]
[Black "Jankovic, Alojzije"]
[Result "1-0"]
[WhiteElo "2177"]
[BlackElo "2313"]

1.e4 c5 2.Nf3 Nc6 3.Bb5 Qb6 4.Nc3 e6 5.O-O a6 6.Bxc6 Qxc6 7.d4 cxd4 8.Nxd4 Qc7
9.Re1 d6 10.f4 b5 11.f5 e5 12.Nb3 Nf6 13.Bg5 b4 14.Nd5 Nxd5 15.Qxd5 Rb8 16.Rad1 f6
17.Bd2 Rb5 18.Qd3 Bb7 19.c4 bxc3 20.Bxc3 d5 21.exd5 Rxd5 22.Qe2 Bc5+ 23.Kh1 Rxd1
24.Rxd1 Qc6 25.Nxc5 Qxc5 26.Qh5+ Ke7 27.Qg4 Kf7 28.Rd7+  1-0

[Event "Wch U18 Girls"]
[Site "Oropesa del Mar"]
[Date "1999.10.28"]
[Round "5"]
[White "Kosintseva, Nadezhda"]
[Black "Moshina, Cristina"]
[Result "1/2-1/2"]
[WhiteElo "2259"]
[BlackElo "2192"]

1.e4 c5 2.Nf3 Nc6 3.Bb5 g6 4.O-O Bg7 5.Re1 e5 6.Nc3 d6 7.d3 Qe7 8.Be3 Nf6
9.h3 O-O 10.Nd2 Rd8 11.Qe2 Nd7 12.Nc4 Nf8 13.a4 b6 14.Nd1 f6 15.Nd2 Ne6 16.c3 Qd7
17.Nf1 f5 18.Nh2 f4 19.Bc1 Qc7 20.b3 a5 21.Bb2  1/2-1/2

[Event "Wch U16 Girls"]
[Site "Oropesa del Mar"]
[Date "1999.10.28"]
[Round "5"]
[White "Chu, Stefanie"]
[Black "Grau Carreras, Monica"]
[Result "1/2-1/2"]
[WhiteElo "2020"]
[BlackElo "2069"]

1.e4 c5 2.Nf3 Nc6 3.Bb5 e6 4.O-O Nge7 5.Nc3 a6 6.Bxc6 Nxc6 7.d4 cxd4 8.Nxd4 Be7
9.Nxc6 dxc6 10.Qg4 Bf6 11.Qg3 Qa5 12.Bd2 Qc5 13.Kh1 b5 14.Be3 Qh5 15.Qc7 O-O
16.Qxc6 Rb8 17.Ba7 Rb7 18.Bb6 b4 19.Nd1 Rd7 20.f3 Be5 21.Bg1 Rd2 22.Ne3 Bxb2
23.Rad1 Bd7 24.Qxa6 Bb5 25.Qa5 Bxf1 26.Qxh5 Bxg2+ 27.Nxg2 Rxd1 28.Ne3 Rc1
29.Qc5 e5 30.Qxb4 Bd4 31.Kg2 Bxe3 32.Bxe3 Rxc2+ 33.Kg3 Rxa2 34.Qe7 Ra5 35.Bc5 Rfa8
36.Bd6 f6 37.Qe6+ Kh8 38.Qf7 R5a7 39.Qe6 Ra6 40.Qe7 R6a7 41.Qe6 Ra6 42.Qd7 R6a7
43.Qf5 Kg8 44.h4 Ra6 45.Qe6+ Kh8 46.Qd7 R6a7 47.Qf5 Ra6 48.Be7 R6a7 49.Bc5 Ra5
50.Bf2 Ra1 51.h5 R1a6 52.Qd7 Rg8 53.Kg4 Ra1 54.Bh4 Rg1+ 55.Bg3 Ra1 56.Qf7 Ra6
57.Bh4 h6 58.Bf2 Rc6 59.Kf5 Rc3 60.Kg4 Rb8  1/2-1/2

[Event "Wch U18"]
[Site "Oropesa del Mar"]
[Date "1999.10.29"]
[Round "6"]
[White "Flores, Diego"]
[Black "Uribe, Mauricio"]
[Result "1-0"]
[WhiteElo "2319"]
[BlackElo "2208"]

1.e4 c5 2.Nf3 Nc6 3.Bb5 e6 4.O-O Nge7 5.c3 a6 6.Ba4 b5 7.Bc2 d5 8.e5 c4 9.d4 cxd3
10.Qxd3 Ng6 11.Re1 Be7 12.g3 Qc7 13.Qe2 O-O 14.h4 f6 15.exf6 gxf6 16.h5 Nge5
17.Bh6 Rf7 18.Nxe5 fxe5 19.Qg4+ Kh8 20.Bg6 hxg6 21.hxg6 Rg7 22.Qh5 Bd6 23.Kg2 Kg8
24.Rh1 Kf8 25.Qg5 Ra7 26.Bxg7+ Qxg7 27.Rh7 Qxh7 28.gxh7 Rxh7 29.Qf6+  1-0

[Event "Wch U18"]
[Site "Oropesa del Mar"]
[Date "1999.10.29"]
[Round "6"]
[White "Kokorev, Dmitry"]
[Black "Handke, Florian"]
[Result "1-0"]
[WhiteElo "2370"]
[BlackElo "2361"]

1.e4 c5 2.Nf3 Nc6 3.Bb5 g6 4.Bxc6 bxc6 5.O-O Bg7 6.Re1 d6 7.e5 c4 8.exd6 Qxd6
9.Qe2 Be6 10.Na3 Qc5 11.Ne5 Bxe5 12.Qxe5 Qxe5 13.Rxe5 Nf6 14.Ra5 Ne4 15.b3 Nd6
16.Ra4 cxb3 17.axb3 a6 18.Nb1 Bc8 19.d3 Kd7 20.Nc3 Kc7 21.Ra5 f6 22.Na4 e5
23.Be3 Rb8 24.Nc5 Nf5 25.Nxa6+ Bxa6 26.Rxa6 Nxe3 27.fxe3 Rb6 28.R6a5 Rb7
29.Rf1 Kb6 30.b4 Rf8 31.Rxe5 fxe5 32.Rxf8 Kb5 33.Re8 Kxb4 34.Rxe5 Ra7 35.Kf2 Kc3
36.Ke2  1-0

[Event "Wch U12"]
[Site "Oropesa del Mar"]
[Date "1999.10.29"]
[Round "6"]
[White "Huang Tong"]
[Black "Bellaiche, Antony"]
[Result "1/2-1/2"]
[WhiteElo "2418"]
[BlackElo "2099"]

1.e4 c5 2.Nf3 Nc6 3.Bb5 Nf6 4.e5 Nd5 5.Nc3 Nc7 6.Bxc6 dxc6 7.h3 g6 8.d3 Bg7
9.O-O O-O 10.Ne4 Ne6 11.Re1 Qc7 12.Neg5 h6 13.Ne4 b6 14.a4 a5 15.Ng3 Ba6
16.Qe2 Rad8 17.b3 Bc8 18.Rb1 f5 19.exf6 exf6 20.Bb2 Nd4 21.Nxd4 cxd4 22.Qf3 f5
23.Bc1 c5 24.Ne2 g5 25.h4 Bb7 26.Qh5 Qc6 27.f3 g4 28.Nf4 Rfe8 29.Bd2 gxf3
30.gxf3 Re3 31.Bxe3 dxe3 32.Rxe3 Bd4  1/2-1/2

[Event "Extraliga CZE"]
[Site "Ostrava CZE"]
[Date "1999.11.01"]
[Round "2"]
[White "Oral,T"]
[Black "Votava,J"]
[Result "1/2-1/2"]
[WhiteElo "2541"]
[BlackElo "2497"]

1.e4 c5 2.Nf3 Nc6 3.Bb5 g6 4.O-O Bg7 5.c3 Nf6 6.Re1 O-O 7.d4 d5 8.e5 Ne4
9.Bxc6 bxc6 10.Nbd2 cxd4 11.cxd4 c5 12.dxc5 Nxc5 13.Nb3 Nxb3 14.Qxb3 Qb6
15.Qxb6 axb6 16.Bd2 Ra4 17.Bc3 Bg4 18.Nd4 Rc8 19.f3 Bd7 20.Ne2 h5 21.a3 Rac4
22.Rad1 e6 23.Rd4 Bh6 24.Kf2 b5 25.Rxc4 bxc4 26.h4 Ba4 27.Nd4 Bf8 28.g4 Bc5
29.Kg3 Kf8 30.g5 Ke7 31.f4 Kd7 32.Kf3 Rb8 33.Ke3 Bc2 34.Rc1 Be4 35.Re1 Kc7
36.Rg1 Kb6 37.Rg3 Rb7 38.Kd2 Ka6 39.Rh3 Bb6 40.Kc1 Bc5  1/2-1/2